000
00300nam a22001337a 4500
008
171101b xxu||||| |||| 00| 0 eng d
020
_a
9781560249979
041
_a
eng
080
_a
33
100
_a
59
101
_a
BUS
245
_a
BUSINESS DECISION MAKING IN CHINA
_c
QUANYU,H
942
_2
udc
_c
BK
999
_c
36934
_d
36934